Library Banner

Maghrabi media aur us kay asraat (Urdu) (Record no. 41429)

MARC details
000 -LEADER
fixed length control field 00489nam a2200181Ia 4500
001 - CONTROL NUMBER
control field 43419
008 - FIXED-LENGTH DATA ELEMENTS--GENERAL INFORMATION
fixed length control field 140425s9999 xx 000 0 und d
020 ## - INTERNATIONAL STANDARD BOOK NUMBER
International Standard Book Number NA
040 ## - CATALOGING SOURCE
Transcribing agency PK-LaUMT
082 ## - DEWEY DECIMAL CLASSIFICATION NUMBER
Classification number RHC 302.23
Item number NAZ-M
100 ## - MAIN ENTRY--PERSONAL NAME
Personal name Nazar ul Hafeez Nadvi
245 ## - TITLE STATEMENT
Title Maghrabi media aur us kay asraat (Urdu)
Statement of responsibility, etc Nazar ul Hafeez Nadvi
260 ## - PUBLICATION, DISTRIBUTION, ETC. (IMPRINT)
Place of publication, distribution, etc Karachi,Pakistan:
Name of publisher, distributor, etc Majlas-e-Nashrayat-e-Islama,
Date of publication, distribution, etc 2001
300 ## - PHYSICAL DESCRIPTION
Extent 420 p.
546 ## - LANGUAGE NOTE
Language note RH
650 ## - SUBJECT ADDED ENTRY--TOPICAL TERM
Topical term or geographic name as entry element Mass media-Sociology
942 ## - ADDED ENTRY ELEMENTS (KOHA)
Koha item type Books
Holdings
Withdrawn status Lost status Damaged status Not for loan Home library Current library Date acquired Total Checkouts Full call number Barcode Date last seen Price effective from Koha item type
        UMT Main Campus UMT Main Campus 2014-04-25   RHC 302.23 NAZ-M 46923 2014-05-06 2014-05-06 Books